| 000 | 01320cam a22003734a 4500 | ||
|---|---|---|---|
| 001 | 6248605 | ||
| 003 | EG-ScBUE | ||
| 005 | 20220208092802.0 | ||
| 008 | 030619t2004 ua f 000 0 eng d | ||
| 020 | _a9774248198 | ||
| 020 | _a9789774248191 | ||
| 035 | _a(OCoLC)ocn688853151 | ||
| 035 | _a6248605 | ||
| 040 |
_aUKM _beng _erda _cUKM _dOCLCQ _dBAKER _dYDXCP _dOCLCG _dEG-ScBUE |
||
| 041 | 1 |
_aeng _hara |
|
| 043 | _af-ua--- | ||
| 082 | 0 | 4 |
_222 _a962.05 _bAMI |
| 100 | 1 |
_aAmin, Galal A., _d1935-2018, _eauthor. |
|
| 245 | 1 | 0 |
_aWhatever else happened to the Egyptians? : _bfrom the revolution to the age of globalization / _cGalal Amin ; translated by David Wilmsen ; illustrations by Samir Abd al-Ghani. |
| 264 | 1 |
_aCairo ; _aNew York : _bThe American University in Cairo Press, _c[2004] |
|
| 264 | 4 | _cc2004 | |
| 300 |
_a189 pages ; _c21 cm |
||
| 336 |
_2rdacontent _atext _btxt |
||
| 337 |
_2rdamedia _aunmediated _bn |
||
| 338 |
_2rdacarrier _avolume _bnc |
||
| 546 | _aText in English ; translated from the Arabic. | ||
| 650 | 7 |
_aSocial change _zEgypt. _2BUEsh |
|
| 651 | 7 |
_aEgypt _xSocial conditions _y1981- _2BUEsh |
|
| 651 | 7 |
_aEgypt _xPopulation _xEconomic aspects. _2BUEsh |
|
| 653 |
_bGGEN _cFebruary2022 |
||
| 655 |
_vReading book _934232 |
||
| 700 | 1 |
_aAbd al-Ghani, Samir, _eillustrator. |
|
| 942 |
_2ddc _cBB |
||
| 999 |
_c29769 _d29740 |
||